A TEXTBOOK OF COSMETIC SCIENCE (Record no. 32487)

MARC details
000 -LEADER
fixed length control field 00332nam a22001457a 4500
003 - CONTROL NUMBER IDENTIFIER
control field SGT
020 ## - INTERNATIONAL STANDARD BOOK NUMBER
International Standard Book Number 97815-43343-59-5
082 ## - DEWEY DECIMAL CLASSIFICATION NUMBER
Classification number 646.7
Item number SHE
100 ## - MAIN ENTRY--PERSONAL NAME
Personal name SHEIKH, DR. AIJAZ A.
245 ## - TITLE STATEMENT
Title A TEXTBOOK OF COSMETIC SCIENCE
260 ## - PUBLICATION, DISTRIBUTION, ETC. (IMPRINT)
Place of publication, distribution, etc INDIA
Name of publisher, distributor, etc PEE VEE
Year of Publication 2019
300 ## - PAGE DESCRIPTION
No. of Pages 219
650 ## - SUBJECT ADDED ENTRY--TOPICAL TERM
Topical term or geographic name as entry element COSMETIC SCIENCE
942 ## - ADDED ENTRY ELEMENTS (KOHA)
Source of classification or shelving scheme Dewey Decimal Classification
Koha item type Books
Holdings
Withdrawn status Lost status Source of classification or shelving scheme Damaged status Not for loan Collection code Home library Current library Shelving location Date acquired SGTU Total Checkouts Full call number Accession No. (Barcode) Date last seen Bill Date Koha item type
    Dewey Decimal Classification     SCIENCE SGT Science & Social Sciences Library SGT Science & Social Sciences Library Text Book 26/08/2025 SGTU   646.7 SHE DP159 26/08/2025 26/08/2025 Books